Systémové chyby privatizácie vplyv transformácie vo východnom bloku na ekonomiku
Princípy transformácie vlastníckych vzťahov. Reštitúcia, privatizácia a reprivatizácia. Najdôležitejšie finančné podmienky pre privatizáciu. Systémové chyby privatizácie. Legislatíva k privatizácii v SR. Potreba stimulačnej politiky štátu pre efektívnu privatizáciu.
Guardado en:
| Autor principal: | |
|---|---|
| Otros Autores: | |
| Formato: | Capítulo de libro |
| Lenguaje: | eslovaco |
| Materias: | |
| Etiquetas: |
Sin Etiquetas, Sea el primero en etiquetar este registro!
|
MARC
| LEADER | 00000naa a2200000 4500 | ||
|---|---|---|---|
| 001 | r034598 | ||
| 005 | 20230824100251.3 | ||
| 041 | 0 | |a slo | |
| 044 | |a SK | ||
| 245 | 1 | 0 | |a Systémové chyby privatizácie |b vplyv transformácie vo východnom bloku na ekonomiku |c Milan Murgaš, Jozef Žitník |
| 520 | |a Princípy transformácie vlastníckych vzťahov. Reštitúcia, privatizácia a reprivatizácia. Najdôležitejšie finančné podmienky pre privatizáciu. Systémové chyby privatizácie. Legislatíva k privatizácii v SR. Potreba stimulačnej politiky štátu pre efektívnu privatizáciu. | ||
| 610 | 2 | 0 | |a privatizácia |
| 610 | 2 | 0 | |a reštitúcia |
| 610 | 2 | 0 | |a reprivatizácia |
| 610 | 2 | 0 | |a vzťahy vlastnícke |
| 610 | 2 | 0 | |a stimulovanie ekonomické |
| 610 | 2 | 0 | |a štát |
| 610 | 2 | 0 | |a legislatíva |
| 610 | 2 | 0 | |a transformácia |
| 610 | 2 | 0 | |a Slovensko |
| 610 | 2 | 0 | |a SVE |
| 100 | 1 | |a Murgaš, Milan | |
| 700 | 1 | |a Žitník, Jozef | |